| 000 | 01177nam a22002657a 4500 | ||
|---|---|---|---|
| 001 | 8782 | ||
| 003 | FISKH | ||
| 005 | 20251020150449.0 | ||
| 008 | 251020b cb ||||| |||| 00| 0 eng d | ||
| 020 | _a9780194646857 | ||
| 040 |
_aFISKH _beng _cFISKH _dFISKH |
||
| 050 | _aQC527.S664 | ||
| 082 | _a537 | ||
| 100 |
_aSpilsbury, Louise _eAuthor |
||
| 245 |
_aElectricity / _cLouise Spilsbury |
||
| 260 |
_aGreat Clarendon Street : _bOxford University , _c2013 |
||
| 300 |
_a40 pages : _bcolor illustrations ; _c21 cm |
||
| 505 | _aL | ||
| 520 | _aJuvenile Nonfiction. Nature. Science. Who first discovered static and why was this important? What is an LED? This fascinating book looks at the historical controversies that surround the discovery and theories of electricity and tells the stories of the scientists who worked on them. It also examines how the different theories based on electricity were arrived at, how they were tested, and what impact these theories and discoveries have had on our understanding of science today. | ||
| 521 | 8 |
_a550
_bLexile |
|
| 521 | 8 |
_aL
_bRaz-Plus |
|
| 650 |
_aPrimary _vPhysic |
||
| 942 |
_2ddc _cBK _n0 |
||
| 999 |
_c8782 _d8782 |
||